1647 1753 1443 1118 1613 1751 1775 1927 1068 1840 1527 1383 1889 1382 1666 1336 1196 1178 1557 1569 1722 1595 1647 1185 1388 1939 1310 1086 1307 1842 1850 1285 1267 1686 1760 1995 1575 1978 1111 1937 1188 1413 1197 1697 1968 1479 1717 1864 1227 1808 1805 1468 1392 1601 1610 1002 1413 1296 1916 1116 1532 1701 1359 1231 1115 1574 1842 1300 1489 1737 1439 1897 1154 1464 1186 1954 1175 1968 1219 1122 1238 1255 1739 1312 1457 1326 1788 1749 1416 1012 1794 1322 1620 1504 1488 1174 1322 1805 1986 BCNSPRNW ULIB Ver.6.0+V

เปลี่ยนเป็นภาษาไทย

Change to English
 แสดงรายละเอียดบรรณานุกรม
  กลับหน้าหลัก

Brief Record : Get Marc (ISO 2709) : E-mail record : QR code < ปิดหน้าต่าง
LEADER : 00000nas 2200000uu 4500
001    13399114258
003     ULIB
008    020711s|||| th a 000 0 tha d
110    ^aโรงพยาบาลสมเด็จพระยุพราชตะพานหิน
245    ^aวารสารโรงพยาบาลสมเด็จพระยุพราชตะพานหิน
260    ^aพิจิตร :^bโรงพยาบาลสมเด็จพระยุพราชตะพานหิน,^cม.ป.ป.
310    ^aราย 6 เดือน
850 ^a ULIB^bฉบับที่ 18 ปีที่ 10 ;ฉบับที่ 18 ปีที่ 10 ฉ.2 ;ฉบับที่ 18 ปีที่ 10 ฉ.3 ;ฉบับที่ 19 ปีที่ 10 ;ฉบับที่ 25 ปีที่ 13 ฉ.2 ;ฉบับที่ 25 ปีที่ 13 ฉ.1
945    ^p0^l0^i900239
945    ^p0^l0^i900240
945    ^p0^l0^i900241
945    ^p0^l0^i900663
945    ^p0^l0^i903258
945    ^p0^l0^i903257
รายการนี้ยังไม่มีแท็ก
คุณยังไม่ได้ล็อกอิน คุณสามารถมีกิจกรรมร่วมกับเว็บไซต์ได้ แต่ต้องล็อกอินก่อน ::
  ล็อกอิน

รายการสื่อสารสนเทศ (วารสาร)

ดูแบบ: กล่อง รายการ
ARRIVED
ฉบับที่ 18 ปีที่ 10
สถานที่: ห้องสมุดวิทยาเขตสวรรค์ประชารักษ์ >วารสาร
ARRIVED
ฉบับที่ 19 ปีที่ 10
สถานที่: ห้องสมุดวิทยาเขตสวรรค์ประชารักษ์ >วารสาร
ARRIVED
ฉบับที่ 25 ปีที่ 13 ฉ.2
สถานที่: ห้องสมุดวิทยาเขตสวรรค์ประชารักษ์ >หนังสือพิมพ์
รายการใกล้เคียง
    ชื่อเรื่อง [วารสารโรงพยาบาลสมเด็จพระยุพราชตะพานหิน]

    ผู้แต่ง []

BibComment


ยังไม่เคยถูกคอมเมนท์

คอมเมนท์ทรัพยากรรายการนี้
  คอมเมนท์: วารสารโรงพยาบาลส..


 Copyright 2026. Bcnsprnw @Library